Cluedo Characters Quiz Stats

 Plays Quiz not verified by Sporcle

Challenge
Share
Tweet
Embed
Score 0/7 Timer 01:00
0 Plays Today
% Correct
Mrs White
84.6%
Colonel Mustard
83.8%
Miss Scarlett
80.3%
Professor Plum
79.5%
Mrs Peacock
73.5%
Reverend Green
68.4%
Dr. Black
25.6%

You're not logged in!

Compare scores with friends on all Sporcle quizzes.
OR
Log In

You Might Also Like...

Show Comments

Extras

Created Mar 31, 2011ReportNominate
Tags:character, cluedo

Top Quizzes Today


Score Distribution

Your Account Isn't Verified!

In order to create a playlist on Sporcle, you need to verify the email address you used during registration. Go to your Sporcle Settings to finish the process.

Report this User

Report this user for behavior that violates our Community Guidelines.

Details: